| 000 | 00472nam a2200145Ia 4500 | ||
|---|---|---|---|
| 008 | 140724s9999 xx 000 0 und d | ||
| 050 |
_aT 58.5 _b.P348 2009 |
||
| 100 | _aPaz, Karl T. | ||
| 245 |
_aLabel tracking system for Temic Automotive, Inc. / _cKarl T. Paz. |
||
| 260 |
_aLas PiƱas, Philippines : _bSouthville International School and Colleges, _cc2009. |
||
| 300 |
_a57 p. : _bill. ; _c28 cm. |
||
| 521 | _aInformation Technology | ||
| 942 | _cTH | ||
| 999 |
_c228821 _d228821 |
||